Introduction to p-adic numbers and valuation theory

Αποθηκεύτηκε σε:
Λεπτομέρειες βιβλιογραφικής εγγραφής
Κύριος συγγραφέας: Bachman, George, 1929-
Μορφή: Βιβλίο
Γλώσσα:English
Δημοσίευση: New York : Academic Press, c1964
Σειρά:Academic paperbacks
Θέματα:
Ετικέτες: Προσθήκη ετικέτας
Δεν υπάρχουν, Καταχωρήστε ετικέτα πρώτοι!

MARC

LEADER 00000cam a2200000 i 4500
001 1/99153
008 081211s1964 eng d
035 |l 10102353 
040 |a GR-MY-UA  |b gre  |e aacr 
041 0 |a eng 
082 0 |a 512.74  |2 (22) 
100 1 |a Bachman, George,   |d 1929- 
245 1 0 |a Introduction to p-adic numbers and valuation theory /  |c by George Bachman 
260 |a New York :   |b Academic Press,   |c c1964 
300 |a xi, 173 σ.;  |b εικ.;  |c 21 εκ. 
490 1 |a Academic paperbacks 
504 |a Περιέχει ευρετήριο 
650 0 0 |a Algebraic functions. 
650 0 0 |a Algebraic fields. 
650 0 0 |a Valuation theory. 
650 0 0 |a p-adic numbers. 
830 0 |a Academic paperbacks 
852 |a INST  |b SAMOS  |c MAG  |e 20081211  |h 512.74 BAC  |p 005300029533  |q 005300029533  |t BK  |y 0 
901 |a BIBL3-2008-3 
909 |a Σ  |b 155440 
970 |a ΣΙΤΖΙΜΗ  |b ΓΙΑΣΕΜΗ  |z 2008/12/11